Statistics for Countries with the Highest GDP in 2100

Click here to take the quiz!

General Stats

  • This quiz has been taken 54 times
  • The average score is 13 of 15

Answer Stats

HintAnswer% Correct
122,940China
100%
20,604Japan
100%
13,758UK
100%
96,610USA
100%
12,764France
98%
83,524India
98%
18,803Germany
95%
11,135Brazil
93%
21,236Indonesia
93%
21,216Nigeria
93%
11,036Canada
86%
13,405Pakistan
82%
11,175Bangladesh
66%
10,165Vietnam
66%
13,306Philippines
27%

Score Distribution

Percentile by Number Answered

Percent of People with Each Score

Your Score History

You have not taken this quiz